LEADER 01224nam a2200277 i 4500 001 000000142534 003 CaOOAMICUS 005 20050906000000.0 008 050906s2004 it u000 u ita u 013 $a117890 020 $a88-315-2758-4 040 $aSeMil$bita 100 1 $aPelucchi, Giuliana <1928->.$0(OLS)http://semarc/name/26039 245 10$aFratel Ettore :$bun gigante della carità /$cGiuliana Pelucchi ; Presentazione di Frank Monks superiore generale dei Religiosi Camilliani. 260 $aMilano :$bPaoline,$c2004. 300 $a163 p., [8] p. di tav. ;$c21 cm. 490 0 $aUomini e donne ;$v61 600 14$aBoschini, Ettore .$0(OLS)http://semarc/subject/9457 700 1 $aMonks, Frank.$0(OLS)http://semarc/name/57214 830 0$aUomini e donne ;$v61.$0(OLS)http://semarc/title/10136 850 $aSeMil 852 $aSeMil$W1$xVenegono$y1$m3J II 83$j95703$B95703$CSeMilBibl$Z2$F102929 $81 961 $aOmaggio: Pontiggia don Virginio 996 $6020$a88-315-2758-4$9(OLS)http://semarc/number/130893 996 $6245$aFratel Ettore :$bun gigante della carità$9(OLS)http://semarc/title/208486 996 $6260$aMilano :$bPaoline$9(OLS)http://semarc/publisher/29684 LEADER 00982nam a2200241 i 4500 001 000000236363 003 CaOOAMICUS 005 20250821092915.0 008 141201s1889 it u000 u ita u 013 $a215267 040 $aSeMil$bita 100 1 $aFenoglio, Giambattista.$0(OLS)http://semarc/name/72537 245 13$aLa vera madre di famiglia /$coperetta compilata dal padre d. Giambattista Fenoglio. 250 $a5. ed. arrichita di una scelta di laudi sacre. 260 $aTorino :$bGiacomo Arneudo,$c1889. 300 $a583 p. :$bill. ;$c15 cm. 650 4$aCristianesimo - Libri di preghiere e devozione italiani.$0(OLS)http://semarc/subject/1222 850 $aSeMil 852 $aSeMil$W1$xVenegono$y1$m2ZA VI 3 FA$j186709$B186709$CSeMilBibl$Z2$F197438 $8I 961 $aOmaggio: Altro 996 $6245$aLa vera madre di famiglia$9(OLS)http://semarc/title/290230 996 $6260$aTorino :$bGiacomo Arneudo$9(OLS)http://semarc/publisher/54214